Statistics for Fictional Military Characters Quiz

Click here to take the quiz!

General Stats

  • This quiz has been taken 17,903 times
  • The average score is 11 of 20

Answer Stats

ClueCharacter% Correct
Peter Pan's nemesisCaptain {Hook}
97%
Patriotic superheroCaptain {America}
94%
"Pirates of the Caribbean"Captain {Jack} {Sparrow}
90%
KFCColonel {Sanders}
83%
Needs savingPrivate {Ryan}
82%
"Beam me up, Scotty!"Captain {Kirk}
78%
Cereal captain who battles
the evil "soggies"
Cap'n {Crunch}
76%
Lonely Hearts Club BandSergeant {Pepper}
68%
British super spyCommander {James} {Bond}
58%
Sailed 20,000 leagues
under the sea
Captain {Nemo}
57%
With the wrench
in the conservatory
Colonel {Mustard}
56%
"Its a trap!"Admiral {Ackbar}
52%
Eye-patched S.H.I.E.L.D. agentColonel {Nick} {Fury}
49%
Mohawked "A-Team" memberSergeant {B}.{A}. {Baracus}
36%
"By your powers combined"Captain {Planet}
35%
Kids TV show, 1955-1984Captain {Kangaroo}
32%
"Make it so"Captain {Picard}
31%
Wrestler and "G.I. Joe" characterSergeant {Slaughter}
21%
"Apocalypse Now" madmanColonel {Kurtz}
18%
Ace pilot of "Battlestar Galactica"Lieutenant {Starbuck}
15%

Score Distribution

Percentile by Number Answered

Percent of People with Each Score

Your Score History

You have not taken this quiz